| 000 | 00447nam a2200169 a 4500 | ||
|---|---|---|---|
| 001 | 5894 | ||
| 003 | CO-ViMGA | ||
| 008 | 141112s2004 ck r 000 u spa d | ||
| 040 |
_aCO-ViMGA _bspa _cCO-ViMGA |
||
| 082 | 0 | 4 | _a839.4 Z834c |
| 100 | 1 |
_aZweig, Stefan _95177 |
|
| 245 | 1 | 0 | _aCarta de una desconocida leporella, el refugiado |
| 260 |
_aBarcelona : _bJuventud, _c1995 |
||
| 300 | _a110 p | ||
| 650 | 1 | 4 |
_aNOVELA AUSTRIACA _95014 |
| 942 |
_2ddc _cBK |
||
| 999 |
_c17870 _d17870 |
||